| 000 | 00476nam a2200169Ia 4500 | ||
|---|---|---|---|
| 008 | 210719s2005 xx 000 0 und d | ||
| 020 | _a81-297-0498-6 | ||
| 041 | _aeng | ||
| 082 | _a363.73 JOSE | ||
| 100 | _aJOSEPH (Kurian);NAGENDRAN (R) | ||
| 245 | _aEssentials of environmental studies | ||
| 260 |
_aDelhi _bPearson Education. _c2005 |
||
| 300 |
_axii,503 _bPB |
||
| 650 | _aEnvironment | ||
| 650 | _aSocial Work | ||
| 906 | _aenvironmental ; Essentials ; of ; studies | ||
| 999 |
_c214603 _d214603 |
||